|
|
|
|
| LEADER |
01594nam a22003972a 4500 |
| 001 |
000040233 |
| 003 |
CZ BrMZK |
| 005 |
20110629213811.0 |
| 008 |
951201m19949999xr f cze d |
| 015 |
|
|
|a cnb000092558
|
| 020 |
|
|
|a 80-900048-6-5
|
| 035 |
|
|
|a (OCoLC)36612068
|
| 040 |
|
|
|a BOA001
|b cze
|
| 043 |
|
|
|a e-xr---
|b e-xr-pg
|2 czenas
|
| 080 |
|
|
|a 726.6
|2 MRF
|
| 080 |
|
|
|a (437.311)
|2 MRF
|
| 245 |
0 |
0 |
|a Katedrála sv. Víta.
|n Díl 1,
|p Stavba /
|c texty: Zdeněk Mahler, Petr Chotěbor, Ivo Hlobil ; fotografie: Ladislav Hájek, ...
|
| 246 |
3 |
0 |
|a Stavba
|
| 250 |
|
|
|a 1. vyd.
|
| 260 |
|
|
|a Praha :
|b Správa Pražského hradu,
|c 1994
|
| 300 |
|
|
|a 78 s.
|
| 490 |
1 |
|
|a Knižnice Pražského hradu
|
| 650 |
0 |
7 |
|a katedrály
|7 ph114888
|z Česko
|x dějiny
|2 czenas
|
| 610 |
2 |
7 |
|a Katedrála sv. Víta (Praha, Česko)
|7 kn20010711032
|2 czenas
|
| 651 |
|
7 |
|a Praha (Česko)
|7 ge118011
|2 czenas
|
| 700 |
1 |
|
|a Mahler, Zdeněk,
|d 1928-2018
|7 jk01072871
|
| 700 |
1 |
|
|a Chotěbor, Petr,
|d 1950-
|7 jn19990216035
|
| 700 |
1 |
|
|a Hlobil, Ivo,
|d 1942-2021
|7 jk01041313
|
| 700 |
1 |
|
|a Hájek, Ladislav,
|d 1909-1987
|7 jk01033066
|
| 830 |
|
0 |
|a Knižnice Pražského hradu
|
| 856 |
4 |
1 |
|u http://www.digitalniknihovna.cz/mzk/uuid/uuid:ceaf23e0-e56c-11e3-a2c6-005056827e51
|y Digitalizovaný dokument
|x NDK
|
| 910 |
|
|
|a BOA001
|b PK-N-0031.538,1
|b TK-A-0255.674,1
|
| 920 |
|
|
|a 000140543
|
| 990 |
|
|
|a BK
|
| 996 |
6 |
|
|b 2629983730
|c TK-A-0255.674/1
|l MZK
|r Sklad / do 24 hodin
|n 10
|w 000040233
|u 000020
|a 1
|e BOA001
|j MZK50
|s P
|
| 996 |
7 |
|
|b 3119990072
|c PK-N-0031.538/1
|l MZK
|r Sklad / do 1 hodiny
|n 31
|w 000040233
|u 000010
|a 1
|e BOA001
|j MZK50
|s A
|